Sains ka jahan e herit/ (Record no. 541282)

000 -LEADER
fixed length control field 00792nam a22002537a 4500
003 - CONTROL NUMBER IDENTIFIER
control field NUST
005 - DATE AND TIME OF LATEST TRANSACTION
control field 20210218095000.0
008 - FIXED-LENGTH DATA ELEMENTS--GENERAL INFORMATION
fixed length control field 210218b ||||| |||| 00| 0 eng d
020 ## - INTERNATIONAL STANDARD BOOK NUMBER
International Standard Book Number 9789698113148
038 ## - RECORD CONTENT LICENSOR
Staff Name Arshad
082 ## - DEWEY DECIMAL CLASSIFICATION NUMBER
Classification number 039.9143902
Author Mark ATA
100 ## - MAIN ENTRY--PERSONAL NAME
Linkage 100-01
Personal name Ata ur Rehman
9 (RLIN) 7001
245 ## - TITLE STATEMENT
Linkage 245-02
Title Sains ka jahan e herit/
Statement of responsibility, etc. Ata ur Rehman
260 ## - PUBLICATION, DISTRIBUTION, ETC.
Linkage 260-03
Place of publication, distribution, etc. Pakistan:
Name of publisher, distributor, etc. [Place of publication not identified],
Date of publication, distribution, etc. 2014
300 ## - PHYSICAL DESCRIPTION
Extent 613 p.
504 ## - BIBLIOGRAPHY, ETC. NOTE
Bibliography, etc. note Include References
563 ## - BINDING INFORMATION
Binding note HBK
650 ## - SUBJECT ADDED ENTRY--TOPICAL TERM
Topical term or geographic name entry element Curiosities and wonders
9 (RLIN) 33087
650 ## - SUBJECT ADDED ENTRY--TOPICAL TERM
Topical term or geographic name entry element Science, Herit
9 (RLIN) 35706
880 ## - ALTERNATE GRAPHIC REPRESENTATION
Linkage 100-01\(3\r
Title عطاء الرحمن
880 ## - ALTERNATE GRAPHIC REPRESENTATION
Linkage 245-02
Title سائنس کا جہاں حیرت
c عطاءالرحمن
880 ## - ALTERNATE GRAPHIC REPRESENTATION
Linkage 260-03
Title پاکستان
c 2014
942 ## - ADDED ENTRY ELEMENTS (KOHA)
Source of classification or shelving scheme
Koha item type Book
Holdings
Withdrawn status Lost status Source of classification or shelving scheme Damaged status Not for loan Permanent Location Current Location Date acquired Total Checkouts Full call number Barcode Date last seen Date last checked out Price effective from Koha item type
          Central Library (CL) Central Library (CL) 02/18/2021 1 039.9143902 ATA CL2571 12/10/2024 10/21/2024 02/18/2021 Book
© 2023 Central Library, National University of Sciences and Technology. All Rights Reserved.